Sanat - "10 000 tuntia" - Kaukua - Statistics

Yleistilastot
  • Tätä visaa on pelattu 29 kertaa
  • Keskiarvotulos 101 / 186
Vastaustilastot
Vastaus % Oikein
kymmenentuhatta
90%
rakastaa
85%
sua
85%
tuntii
85%
Jos
80%
opettelen
75%
se
75%
täs
75%
ei
70%
maailmas
70%
ku
65%
mun
65%
nii
65%
niin
65%
ja
60%
maailmassa
60%
olisit
60%
oon
60%
Oon
60%
vaan
60%
epäröimättä
55%
moni
55%
on
55%
sekuntii
55%
yhtään
55%
aikaa
50%
hyvä
50%
lupaan
50%
poika
50%
rakki
50%
enkeleitä
45%
esineitä
45%
harhaan
45%
johdattanu
45%
kulkukoira
45%
monii
45%
mul
45%
mut
45%
ollu
45%
sun
45%
toisille
45%
vihaa
45%
annat
40%
annoin
40%
beibi
40%
ennen
40%
joka
40%
jonkun
40%
kauan
40%
kohdellu
40%
koteja
40%
kyyneleitä
40%
meitä
40%
niinku
40%
oikeel
40%
opi
40%
oppii
40%
päättyiki
40%
saa
40%
satoi
40%
suhteista
40%
syyt
40%
taval
40%
tehny
40%
tuhat
40%
vaik
40%
viel
40%
vielä
40%
hännän
35%
heilumaan
35%
helppo
35%
jotain
35%
kotiläksyi
35%
kuha
35%
lämmin
35%
luovuttaa
35%
mistä
35%
myötä
35%
ois
35%
rakkaus
35%
sydämii
35%
syli
35%
tarvii
35%
temppuja
35%
tunne
35%
unelmoida
35%
uusia
35%
vaihtanu
35%
vastatuulii
35%
virheit
35%
vuokses
35%
koitan
30%
kuulemma
30%
niist
30%
pahast
30%
tuurii
30%
koirat
25%
vaatikaan
25%
vanhat
25%
rehellinen
20%
Ehtoja vastaavia visoja ei löytynyt
Tulosjakauma
Jokaisen tuloksen saaneiden osuus
Persentiili vastausten määrän mukaan
Tuloshistoriasi
Et ole pelannut tätä visaa